000 00642nam a2200241Ia 4500
003 OSt
005 20220928125007.0
006 a|||||r|||| 00| 0
007 ta
008 220927b |||||||| |||| 00| 0 eng d
024 _a7076
037 _cTextual
040 _aSDCL
_cSDCL
_beng
041 _2eng
_aeng
082 _aD65,8, P6
100 _aSingh B P
245 0 _aElectronic devices and integrated circuits.
260 _aDorling
_bKindersley Pearson
_c2006
300 _axvi,942p
_ccm.
700 _a Singh Rekha
_9464731
942 _hD65,8, P6
_cTEXL
_2CC
999 _c780318
_d780318